Theorizing gender

Αποθηκεύτηκε σε:
Λεπτομέρειες βιβλιογραφικής εγγραφής
Κύριος συγγραφέας: Alsop, Rachel
Άλλοι συγγραφείς: Fitzsimons, Annette, Lennon, Kathleen
Μορφή: Βιβλίο
Γλώσσα:English
Δημοσίευση: [Cambridge] : Polity Press, [c2002]
Θέματα:
Ετικέτες: Προσθήκη ετικέτας
Δεν υπάρχουν, Καταχωρήστε ετικέτα πρώτοι!

MARC

LEADER 00000cam a2200000 i 4500
001 1/32951
008 060731s2002 eng d
020 |a 978-0-7456-1944-6 (pbk.) 
020 |a 0-7456-1944-4 (pbk.) 
035 |l 10084815 
040 |a GR-MY-UA  |b gre  |e aacr 
041 0 |a eng 
082 0 |a 305.3  |2 (22) 
100 1 |a Alsop, Rachel. 
245 1 0 |a Theorizing gender /  |c Rachel Alsop, Annette Fitzsimons and Kathleen Lennon ; with a guest chapter on psychoanalysis by Ros Minsky 
260 |a [Cambridge] :   |b Polity Press,   |c [c2002] 
300 |a 282 σ.;  |c 23 εκ. 
500 |a Reprinted 2005 
650 0 0 |a Sex role. 
650 0 0 |a Gender identity. 
700 1 |a Fitzsimons, Annette. 
700 1 |a Lennon, Kathleen. 
852 |a INST  |b LESVOS  |e 20100203  |h 305.3 ALS  |p 005100046037  |q 005100046037  |t BK  |y 0 
852 |a INST  |b RHODES  |e 20060731  |h 305.3 ALS  |p 005400024466  |q 005400024466  |t BK  |y 0 
901 |a BIBL4-2006-2 
901 |a BIBL1-2010-1 
909 |a Ρ  |b 126846 
909 |a Λ  |b 161725 
920 |a ΑΝΑΜΟΡΦΩΣΗ  |b ΕΠΕΑΕΚ ΙΙ-ΤΕΠΑΕΣ  |y ΡΟΔΟΣ  |z 2006-06 
970 |a ΚΟΖΑ  |b ΜΑΡΙΑ  |z 2006/07/31